[Event "Blitz 2018"]
[Site "Saint-Petersburg"]
[Date "2018.12.30"]
[Round "17"]
[Board "46"]
[White "Yakubboev Nodirbek (UZB)"]
[Black "Petrosian Tigran L. (ARM)"]
[Result "0-1"]
[LiveChessVersion "1.4.8"]
[BlackElo "2700"]
[WhiteElo "2388"]

1. e4 {[%clk 0:03:02]} g6 {[%clk 0:03:03]} 2. d4 {[%clk 0:02:53]} Bg7
{[%clk 0:03:04]} 3. c4 {[%clk 0:02:31]} d6 {[%clk 0:03:05]} 4. Nc3
{[%clk 0:02:18]} Nf6 {[%clk 0:03:06]} 5. h3 {[%clk 0:01:54]} O-O {[%clk 0:03:06]}
6. Be3 {[%clk 0:01:46]} c6 {[%clk 0:03:06]} 7. Nf3 {[%clk 0:01:26]} a6
{[%clk 0:03:07]} 8. a4 {[%clk 0:01:05]} a5 {[%clk 0:03:08]} 9. Be2
{[%clk 0:01:00]} Na6 {[%clk 0:03:08]} 10. O-O {[%clk 0:01:01]} Qc7
{[%clk 0:03:10]} 11. Ne1 {[%clk 0:00:32]} e5 {[%clk 0:03:11]} 12. d5
{[%clk 0:00:30]} Nc5 {[%clk 0:03:11]} 13. Qc2 {[%clk 0:00:19]} Re8
{[%clk 0:03:06]} 14. Rd1 {[%clk 0:00:16]} Bf8 {[%clk 0:03:07]} 15. Rc1
{[%clk 0:00:12]} Bd7 {[%clk 0:03:07]} 16. Nf3 {[%clk 0:00:11]} Rac8
{[%clk 0:03:05]} 17. Nd2 {[%clk 0:00:11]} Na6 {[%clk 0:03:01]} 18. Qd1
{[%clk 0:00:06]} Qb8 {[%clk 0:02:59]} 19. Kh1 {[%clk 0:00:05]} Nc5
{[%clk 0:03:00]} 20. Qc2 {[%clk 0:00:06]} cxd5 {[%clk 0:03:01]} 21. exd5
{[%clk 0:00:06]} Bf5 {[%clk 0:02:59]} 22. Qd1 {[%clk 0:00:06]} Nd3
{[%clk 0:02:59]} 23. Rb1 {[%clk 0:00:04]} Nb4 {[%clk 0:02:59]} 24. Rc1
{[%clk 0:00:05]} Nd3 {[%clk 0:02:37]} 25. Rb1 {[%clk 0:00:06]} Nc5
{[%clk 0:02:38]} 26. Rc1 {[%clk 0:00:07]} h5 {[%clk 0:02:32]} 27. Nb5
{[%clk 0:00:07]} b6 {[%clk 0:02:20]} 28. Nb1 {[%clk 0:00:06]} Qb7
{[%clk 0:02:16]} 29. N1c3 {[%clk 0:00:07]} Qd7 {[%clk 0:02:17]} 30. Na2
{[%clk 0:00:06]} Bxh3 {[%clk 0:02:13]} 31. gxh3 {[%clk 0:00:06]} Qxh3+ 32. Kg1 e4
{[%clk 0:02:11]} 33. Re1 {[%clk 0:00:03]} Ng4 {[%clk 0:02:06]} 34. Bxg4
{[%clk 0:00:04]} hxg4 {[%clk 0:02:07]} 35. Qe2 {[%clk 0:00:05]} Nd3
{[%clk 0:02:08]} 36. Qf1 {[%clk 0:00:06]} Nxe1 {[%clk 0:02:04]} 37. Qxh3
{[%clk 0:00:06]} gxh3 {[%clk 0:02:02]} 38. Rxe1 {[%clk 0:00:07]} Rxc4
{[%clk 0:02:03]} 39. Nac3 {[%clk 0:00:09]} f5 {[%clk 0:01:46]} 40. Bxb6
{[%clk 0:00:08]} g5 {[%clk 0:01:36]} 41. Bxa5 {[%clk 0:00:09]} g4
{[%clk 0:01:37]} 42. Bc7 {[%clk 0:00:10]} e3 {[%clk 0:01:19]} 43. fxe3
{[%clk 0:00:06]} g3 {[%clk 0:01:20]} 44. Bxd6 {[%clk 0:00:06]} Rg4
{[%clk 0:01:12]} 45. Bxf8 {[%clk 0:00:05]} Kxf8 {[%clk 0:01:13]} 46. Nd4
{[%clk 0:00:06]} Rxd4 {[%clk 0:01:12]} 47. Rf1 {[%clk 0:00:06]} Rxe3 48. Rxf5+
Ke8 {[%clk 0:01:13]} 49. Rf1 {[%clk 0:00:08]} Rd2 {[%clk 0:01:10]} 50. a5
{[%clk 0:00:08]} h2+ {[%clk 0:01:10]} 0-1

[Event "Blitz 2018"]
[Site "Saint-Petersburg"]
[Date "2018.12.30"]
[Round "17"]
[Board "47"]
[White "Bocharov Ivan (RUS)"]
[Black "Moiseenko Vadim (RUS)"]
[Result "1/2-1/2"]
[LiveChessVersion "1.4.8"]
[BlackElo "2560"]
[WhiteElo "2715"]

1. e4 {[%clk 0:03:04]} e5 {[%clk 0:03:03]} 2. Nf3 {[%clk 0:03:04]} Nc6
{[%clk 0:03:04]} 3. Bc4 {[%clk 0:03:05]} Nf6 {[%clk 0:03:04]} 4. d3
{[%clk 0:03:06]} Be7 {[%clk 0:03:04]} 5. O-O {[%clk 0:03:04]} O-O
{[%clk 0:03:04]} 6. c3 {[%clk 0:03:02]} d5 {[%clk 0:03:05]} 7. exd5
{[%clk 0:02:59]} Nxd5 {[%clk 0:03:05]} 8. Re1 {[%clk 0:03:00]} Bg4
{[%clk 0:03:03]} 9. h3 {[%clk 0:02:55]} Bh5 {[%clk 0:03:03]} 10. Nbd2
{[%clk 0:02:54]} Nb6 {[%clk 0:02:55]} 11. Bb5 {[%clk 0:02:50]} Bd6
{[%clk 0:02:36]} 12. Ne4 {[%clk 0:02:48]} a6 {[%clk 0:02:35]} 13. Bxc6
{[%clk 0:02:49]} bxc6 {[%clk 0:02:36]} 14. Ng3 {[%clk 0:02:50]} Bg6
{[%clk 0:02:31]} 15. d4 {[%clk 0:02:33]} exd4 {[%clk 0:02:29]} 16. Nxd4
{[%clk 0:02:34]} Bxg3 {[%clk 0:02:26]} 17. fxg3 {[%clk 0:02:35]} c5
{[%clk 0:02:14]} 18. Nc6 {[%clk 0:02:32]} Qxd1 {[%clk 0:01:55]} 19. Rxd1
{[%clk 0:02:33]} Rfe8 {[%clk 0:01:56]} 20. Bf4 {[%clk 0:02:11]} Be4
{[%clk 0:01:52]} 21. Na5 {[%clk 0:02:06]} Nd5 {[%clk 0:01:26]} 22. Rd2
{[%clk 0:02:00]} Nxf4 {[%clk 0:00:48]} 23. gxf4 {[%clk 0:02:01]} h5
{[%clk 0:00:39]} 24. Re1 {[%clk 0:01:38]} Re6 {[%clk 0:00:38]} 25. Nb3
{[%clk 0:01:38]} Bd5 {[%clk 0:00:25]} 26. Rxe6 {[%clk 0:01:31]} Bxe6
{[%clk 0:00:26]} 27. Nxc5 {[%clk 0:01:30]} Bxa2 {[%clk 0:00:27]} 28. b3
{[%clk 0:01:17]} Bb1 {[%clk 0:00:28]} 29. Rd7 {[%clk 0:01:19]} Ra7
{[%clk 0:00:14]} 30. g4 {[%clk 0:01:17]} hxg4 {[%clk 0:00:15]} 31. hxg4
{[%clk 0:01:19]} a5 {[%clk 0:00:16]} 32. f5 {[%clk 0:01:15]} Kf8 {[%clk 0:00:17]}
33. Rd1 {[%clk 0:01:13]} Bc2 {[%clk 0:00:11]} 34. Rd2 {[%clk 0:01:14]} Bxb3
{[%clk 0:00:07]} 35. Nxb3 a4 36. Ra2 {[%clk 0:01:15]} Ke7 {[%clk 0:00:09]} 37.
Nd4 {[%clk 0:01:15]} Kf6 {[%clk 0:00:07]} 38. Kf2 {[%clk 0:01:16]} Kg5
{[%clk 0:00:07]} 39. Kg3 {[%clk 0:01:17]} a3 {[%clk 0:00:04]} 40. Nb5
{[%clk 0:01:17]} Ra5 {[%clk 0:00:05]} 41. Nxc7 {[%clk 0:01:16]} Rc5
{[%clk 0:00:05]} 42. Rxa3 {[%clk 0:00:50]} Rxc7 {[%clk 0:00:06]} 43. Kf3
{[%clk 0:00:50]} Rc4 {[%clk 0:00:07]} 44. Ra7 {[%clk 0:00:46]} Rxc3+
{[%clk 0:00:07]} 45. Ke4 {[%clk 0:00:43]} Rc4+ {[%clk 0:00:04]} 46. Kd5
{[%clk 0:00:44]} Rxg4 {[%clk 0:00:04]} 47. Rxf7 {[%clk 0:00:45]} Kh6
{[%clk 0:00:05]} 48. Ke5 {[%clk 0:00:45]} Rg1 {[%clk 0:00:05]} 49. Rf8 1/2-1/2

[Event "Blitz 2018"]
[Site "Saint-Petersburg"]
[Date "2018.12.30"]
[Round "17"]
[Board "48"]
[White "Riazantsev Alexander (RUS)"]
[Black "Dzhumagaliev Yan (RUS)"]
[Result "1-0"]
[LiveChessVersion "1.4.8"]
[BlackElo "2489"]
[WhiteElo "2633"]

1. d4 {[%clk 0:03:03]} Nf6 2. c4 e6 {[%clk 0:03:04]} 3. Nf3 {[%clk 0:03:05]} Bb4+
{[%clk 0:03:01]} 4. Bd2 {[%clk 0:03:06]} Qe7 {[%clk 0:03:01]} 5. g3
{[%clk 0:03:07]} Nc6 {[%clk 0:02:58]} 6. Nc3 {[%clk 0:03:08]} O-O
{[%clk 0:02:47]} 7. Bg2 {[%clk 0:03:09]} Bxc3 {[%clk 0:02:45]} 8. Bxc3
{[%clk 0:03:10]} Ne4 {[%clk 0:02:46]} 9. Rc1 {[%clk 0:03:10]} Nxc3
{[%clk 0:02:44]} 10. Rxc3 {[%clk 0:03:11]} d6 {[%clk 0:02:42]} 11. O-O
{[%clk 0:03:11]} a5 {[%clk 0:02:39]} 12. d5 {[%clk 0:03:08]} Nb4 {[%clk 0:02:38]}
13. a3 {[%clk 0:03:04]} Na6 {[%clk 0:02:39]} 14. Nd2 {[%clk 0:02:43]} e5
{[%clk 0:02:36]} 15. f4 {[%clk 0:02:39]} exf4 {[%clk 0:02:27]} 16. gxf4
{[%clk 0:02:40]} f5 {[%clk 0:02:22]} 17. Rg3 {[%clk 0:02:36]} Bd7
{[%clk 0:02:20]} 18. e3 {[%clk 0:02:34]} a4 {[%clk 0:02:19]} 19. Kh1
{[%clk 0:02:30]} Nc5 {[%clk 0:02:19]} 20. Rg1 {[%clk 0:02:24]} Kh8
{[%clk 0:02:15]} 21. Nb1 {[%clk 0:02:11]} Rf6 {[%clk 0:02:13]} 22. Nc3
{[%clk 0:02:11]} Rh6 {[%clk 0:02:09]} 23. Qd4 {[%clk 0:02:01]} Nb3
{[%clk 0:02:00]} 24. Qd1 {[%clk 0:01:51]} Nc5 {[%clk 0:02:02]} 25. Bf1
{[%clk 0:01:43]} Rf8 {[%clk 0:01:58]} 26. Qd4 {[%clk 0:01:30]} Rff6
{[%clk 0:01:45]} 27. R1g2 {[%clk 0:01:24]} Rfg6 {[%clk 0:01:39]} 28. Rg5
{[%clk 0:01:04]} Qf6 {[%clk 0:01:27]} 29. Qxf6 {[%clk 0:01:02]} gxf6
{[%clk 0:01:28]} 30. R5g3 {[%clk 0:01:03]} Kg7 {[%clk 0:01:23]} 31. Be2
{[%clk 0:01:03]} Kf8 {[%clk 0:01:09]} 32. Bd1 {[%clk 0:01:04]} Ke7
{[%clk 0:01:05]} 33. Bc2 {[%clk 0:01:05]} Kd8 {[%clk 0:01:03]} 34. Kg1 Kc8 35.
Ne2 {[%clk 0:00:57]} Ne4 {[%clk 0:00:44]} 36. Bxe4 {[%clk 0:00:55]} fxe4
{[%clk 0:00:45]} 37. Nd4 {[%clk 0:00:53]} c5 {[%clk 0:00:35]} 38. Ne6
{[%clk 0:00:36]} Bxe6 {[%clk 0:00:36]} 39. dxe6 {[%clk 0:00:37]} f5
{[%clk 0:00:37]} 40. Rg5 {[%clk 0:00:38]} Rxg5 {[%clk 0:00:39]} 41. Rxg5
{[%clk 0:00:39]} Rg6 {[%clk 0:00:40]} 42. Kf2 {[%clk 0:00:33]} Rh6
{[%clk 0:00:13]} 43. Kg3 {[%clk 0:00:33]} Rxe6 {[%clk 0:00:11]} 44. Rxf5
{[%clk 0:00:34]} Rh6 {[%clk 0:00:00]} 1-0

[Event "Blitz 2018"]
[Site "Saint-Petersburg"]
[Date "2018.12.30"]
[Round "17"]
[Board "49"]
[White "Frolyanov Dmitry (RUS)"]
[Black "Paravyan David (RUS)"]
[Result "0-1"]
[LiveChessVersion "1.4.8"]
[BlackElo "2629"]
[WhiteElo "2557"]

1. e4 {[%clk 0:03:03]} e5 {[%clk 0:03:04]} 2. Nf3 {[%clk 0:03:04]} Nc6
{[%clk 0:03:05]} 3. Bb5 {[%clk 0:03:05]} g6 {[%clk 0:03:05]} 4. d4
{[%clk 0:03:04]} exd4 {[%clk 0:03:06]} 5. c3 {[%clk 0:02:58]} a6 {[%clk 0:03:07]}
6. Bc4 {[%clk 0:02:51]} b5 {[%clk 0:03:08]} 7. Bb3 {[%clk 0:02:50]} Bg7
{[%clk 0:03:04]} 8. cxd4 {[%clk 0:02:50]} Nge7 {[%clk 0:03:00]} 9. d5
{[%clk 0:02:48]} Na5 {[%clk 0:03:02]} 10. Bc2 {[%clk 0:02:49]} O-O
{[%clk 0:02:57]} 11. Bd2 {[%clk 0:02:40]} c5 {[%clk 0:02:43]} 12. d6
{[%clk 0:02:37]} Nec6 {[%clk 0:02:40]} 13. Nc3 {[%clk 0:02:37]} Nc4
{[%clk 0:02:41]} 14. O-O {[%clk 0:02:23]} Bb7 {[%clk 0:02:19]} 15. Nd5
{[%clk 0:02:20]} Nxb2 {[%clk 0:02:16]} 16. Qe2 {[%clk 0:02:14]} Nc4
{[%clk 0:02:16]} 17. Bg5 {[%clk 0:02:11]} Nd4 {[%clk 0:02:10]} 18. Nxd4
{[%clk 0:01:46]} Qxg5 {[%clk 0:02:11]} 19. Nf3 {[%clk 0:01:27]} Qd8
{[%clk 0:02:11]} 20. Ne7+ {[%clk 0:00:57]} Kh8 {[%clk 0:02:12]} 21. Rad1
{[%clk 0:00:46]} Nxd6 {[%clk 0:02:09]} 22. Nxg6+ {[%clk 0:00:44]} fxg6
{[%clk 0:02:10]} 23. Rxd6 {[%clk 0:00:45]} Qe7 {[%clk 0:02:10]} 24. Rfd1
{[%clk 0:00:42]} Bc6 {[%clk 0:02:07]} 25. h4 {[%clk 0:00:42]} Rae8
{[%clk 0:02:00]} 26. h5 {[%clk 0:00:40]} gxh5 {[%clk 0:01:56]} 27. Qd2
{[%clk 0:00:33]} Rxf3 {[%clk 0:01:46]} 28. gxf3 {[%clk 0:00:33]} Be5
{[%clk 0:01:47]} 29. Rxd7 {[%clk 0:00:16]} Bxd7 {[%clk 0:01:40]} 30. Qxd7
{[%clk 0:00:17]} Qg5+ {[%clk 0:01:33]} 31. Kf1 {[%clk 0:00:19]} Rg8
{[%clk 0:01:33]} 32. Ke2 {[%clk 0:00:18]} Bd4 {[%clk 0:01:16]} 33. Bb3
{[%clk 0:00:14]} Rf8 {[%clk 0:01:14]} 34. Be6 Qg2 {[%clk 0:01:01]} 35. Bf5
{[%clk 0:00:03]} Qxf2+ {[%clk 0:01:00]} 0-1

[Event "Blitz 2018"]
[Site "Saint-Petersburg"]
[Date "2018.12.30"]
[Round "17"]
[Board "50"]
[White "Sakaev Konstantin (RUS)"]
[Black "Rakhmanov Aleksandr (RUS)"]
[Result "0-1"]
[LiveChessVersion "1.4.8"]
[BlackElo "2615"]
[WhiteElo "2551"]

1. d4 {[%clk 0:03:03]} Nf6 {[%clk 0:03:03]} 2. c4 {[%clk 0:03:04]} d6
{[%clk 0:03:04]} 3. Nf3 {[%clk 0:03:03]} g6 {[%clk 0:03:05]} 4. Nc3
{[%clk 0:03:03]} Bf5 {[%clk 0:03:06]} 5. e3 {[%clk 0:03:00]} Bg7 {[%clk 0:03:06]}
6. Bd3 {[%clk 0:03:01]} Bxd3 {[%clk 0:03:06]} 7. Qxd3 {[%clk 0:03:02]} O-O
{[%clk 0:03:06]} 8. O-O {[%clk 0:03:02]} Nbd7 {[%clk 0:03:06]} 9. e4
{[%clk 0:02:56]} e5 {[%clk 0:03:07]} 10. d5 {[%clk 0:02:48]} Nh5 {[%clk 0:03:05]}
11. g3 {[%clk 0:02:48]} f5 {[%clk 0:02:56]} 12. Ng5 {[%clk 0:02:19]} Nc5
{[%clk 0:02:57]} 13. Qe2 {[%clk 0:02:20]} f4 {[%clk 0:02:57]} 14. Nf3
{[%clk 0:02:15]} Qd7 {[%clk 0:02:49]} 15. b4 {[%clk 0:02:07]} Na6
{[%clk 0:02:47]} 16. a3 {[%clk 0:02:03]} Qg4 {[%clk 0:02:30]} 17. h3
{[%clk 0:01:26]} Qxh3 {[%clk 0:02:23]} 18. Ng5 {[%clk 0:01:27]} Qd7
{[%clk 0:02:13]} 19. Ne6 {[%clk 0:01:10]} fxg3 {[%clk 0:01:45]} 20. Nxf8
{[%clk 0:01:11]} Qh3 {[%clk 0:01:22]} 21. fxg3 {[%clk 0:01:12]} Qxg3+
{[%clk 0:01:13]} 22. Qg2 {[%clk 0:01:12]} Qxc3 {[%clk 0:01:12]} 23. Nxg6
{[%clk 0:00:40]} hxg6 {[%clk 0:01:08]} 24. Qxg6 {[%clk 0:00:41]} Qg3+
{[%clk 0:00:46]} 25. Qxg3 {[%clk 0:00:41]} Nxg3 {[%clk 0:00:46]} 26. Re1
{[%clk 0:00:37]} Rf8 {[%clk 0:00:47]} 27. Be3 {[%clk 0:00:35]} Nxe4
{[%clk 0:00:45]} 28. Bxa7 {[%clk 0:00:35]} Nd2 {[%clk 0:00:43]} 29. Kg2
{[%clk 0:00:27]} Nxc4 {[%clk 0:00:42]} 30. b5 {[%clk 0:00:26]} Nc5
{[%clk 0:00:42]} 31. Bxc5 {[%clk 0:00:23]} dxc5 {[%clk 0:00:43]} 32. Rac1
{[%clk 0:00:25]} Rf4 {[%clk 0:00:33]} 33. a4 {[%clk 0:00:25]} b6 34. Re2
{[%clk 0:00:19]} Bh6 {[%clk 0:00:21]} 35. Rd1 {[%clk 0:00:20]} Rd4
{[%clk 0:00:19]} 36. Rde1 {[%clk 0:00:20]} Kf7 {[%clk 0:00:20]} 37. Re4
{[%clk 0:00:20]} Bf4 {[%clk 0:00:18]} 38. Kh3 {[%clk 0:00:17]} Ke7
{[%clk 0:00:17]} 39. Kg4 {[%clk 0:00:17]} Kd6 {[%clk 0:00:18]} 40. Kf5
{[%clk 0:00:17]} Kxd5 {[%clk 0:00:17]} 41. R4e2 {[%clk 0:00:19]} Nd6+
{[%clk 0:00:18]} 42. Kf6 {[%clk 0:00:20]} Rxa4 {[%clk 0:00:19]} 43. Rd1+
{[%clk 0:00:21]} Rd4 {[%clk 0:00:20]} 44. Ra1 {[%clk 0:00:22]} Nxb5
{[%clk 0:00:20]} 45. Ra8 {[%clk 0:00:23]} Nd6 {[%clk 0:00:21]} 46. Ra7
{[%clk 0:00:24]} Kc6 {[%clk 0:00:21]} 47. Rg2 {[%clk 0:00:24]} e4
{[%clk 0:00:20]} 48. Ke6 {[%clk 0:00:23]} e3 {[%clk 0:00:20]} 49. Re2
{[%clk 0:00:25]} Re4+ {[%clk 0:00:21]} 50. Kf6 {[%clk 0:00:26]} Be5+
{[%clk 0:00:20]} 51. Kg5 {[%clk 0:00:26]} Bd4 {[%clk 0:00:21]} 0-1

[Event "Blitz 2018"]
[Site "Saint-Petersburg"]
[Date "2018.12.30"]
[Round "17"]
[Board "51"]
[White "Mchedlishvili Mikheil (GEO)"]
[Black "Maslak Konstantin (RUS)"]
[Result "1-0"]
[LiveChessVersion "1.4.8"]
[BlackElo "2537"]
[WhiteElo "2607"]

1. d4 {[%clk 0:03:03]} Nf6 {[%clk 0:03:03]} 2. c4 {[%clk 0:03:03]} g6
{[%clk 0:03:04]} 3. Nc3 {[%clk 0:03:04]} Bg7 {[%clk 0:03:05]} 4. e4
{[%clk 0:03:04]} d6 {[%clk 0:03:06]} 5. h3 {[%clk 0:03:05]} O-O {[%clk 0:03:05]}
6. Be3 {[%clk 0:03:05]} Nbd7 {[%clk 0:03:01]} 7. Nf3 {[%clk 0:02:48]} a6
{[%clk 0:02:58]} 8. Be2 {[%clk 0:02:36]} c5 {[%clk 0:02:37]} 9. d5
{[%clk 0:02:35]} b5 {[%clk 0:02:18]} 10. Qc2 {[%clk 0:02:35]} Ne8
{[%clk 0:01:52]} 11. O-O {[%clk 0:02:31]} Nc7 {[%clk 0:01:47]} 12. Qd2
{[%clk 0:02:07]} bxc4 {[%clk 0:01:28]} 13. Bh6 {[%clk 0:02:04]} Rb8
{[%clk 0:01:16]} 14. Bxg7 {[%clk 0:02:03]} Kxg7 {[%clk 0:01:18]} 15. Bxc4
{[%clk 0:02:02]} Nb6 {[%clk 0:01:09]} 16. Bd3 {[%clk 0:01:59]} Bd7
{[%clk 0:01:01]} 17. b3 {[%clk 0:01:55]} Bb5 {[%clk 0:00:54]} 18. Rfe1
{[%clk 0:01:49]} Bxd3 {[%clk 0:00:48]} 19. Qxd3 {[%clk 0:01:50]} Qd7
{[%clk 0:00:28]} 20. Rad1 {[%clk 0:01:47]} f6 {[%clk 0:00:16]} 21. Nd2
{[%clk 0:01:42]} a5 {[%clk 0:00:11]} 22. a4 {[%clk 0:01:38]} Nc8 {[%clk 0:00:07]}
23. Rb1 {[%clk 0:01:36]} Ra8 {[%clk 0:00:07]} 24. Nc4 {[%clk 0:01:31]} Qd8
{[%clk 0:00:07]} 25. f4 {[%clk 0:01:29]} Na6 {[%clk 0:00:07]} 26. e5
{[%clk 0:01:26]} Nb4 {[%clk 0:00:05]} 27. Qd2 {[%clk 0:01:27]} Rf7
{[%clk 0:00:05]} 28. exf6+ {[%clk 0:01:23]} exf6 {[%clk 0:00:05]} 29. Re6
{[%clk 0:01:23]} Raa7 {[%clk 0:00:06]} 30. Rbe1 {[%clk 0:01:22]} Rae7
{[%clk 0:00:07]} 31. Nb5 {[%clk 0:01:15]} Rxe6 {[%clk 0:00:05]} 32. dxe6 Re7 33.
Nbxd6 {[%clk 0:01:14]} Nxd6 {[%clk 0:00:05]} 34. Nxd6 {[%clk 0:01:04]} Qc7
{[%clk 0:00:05]} 35. f5 {[%clk 0:00:55]} Nc6 {[%clk 0:00:06]} 36. Nb5
{[%clk 0:00:54]} Qb8 {[%clk 0:00:06]} 37. Qd5 {[%clk 0:00:49]} Nd4
{[%clk 0:00:06]} 38. Nxd4 {[%clk 0:00:30]} cxd4 {[%clk 0:00:07]} 39. Qc5
{[%clk 0:00:31]} Qb7 {[%clk 0:00:07]} 40. Qxa5 {[%clk 0:00:18]} Qxb3
{[%clk 0:00:08]} 41. Qc5 {[%clk 0:00:20]} Qb7 {[%clk 0:00:08]} 42. Qxd4
{[%clk 0:00:17]} gxf5 {[%clk 0:00:10]} 43. a5 {[%clk 0:00:18]} Qa6
{[%clk 0:00:11]} 44. Qb6 {[%clk 0:00:18]} Qd3 {[%clk 0:00:10]} 45. a6
{[%clk 0:00:19]} Qc3 {[%clk 0:00:11]} 46. Qe3 {[%clk 0:00:18]} Qa5
{[%clk 0:00:11]} 47. Qe2 {[%clk 0:00:18]} f4 {[%clk 0:00:12]} 48. Kh1
{[%clk 0:00:19]} h5 {[%clk 0:00:12]} 49. Rd1 {[%clk 0:00:18]} Qe5
{[%clk 0:00:11]} 50. Qxe5 {[%clk 0:00:16]} fxe5 {[%clk 0:00:12]} 51. Rd7
{[%clk 0:00:17]} 1-0

[Event "Blitz 2018"]
[Site "Saint-Petersburg"]
[Date "2018.12.30"]
[Round "17"]
[Board "52"]
[White "Tomashevsky Evgeny (RUS)"]
[Black "Zhigalko Andrey (BLR)"]
[Result "1-0"]
[LiveChessVersion "1.4.8"]
[BlackElo "2493"]
[WhiteElo "2602"]

1. d4 {[%clk 0:03:03]} Nf6 {[%clk 0:03:03]} 2. Nf3 {[%clk 0:03:04]} d5
{[%clk 0:03:05]} 3. c4 {[%clk 0:03:04]} e6 {[%clk 0:03:06]} 4. e3
{[%clk 0:03:04]} b6 {[%clk 0:03:04]} 5. cxd5 {[%clk 0:03:01]} exd5
{[%clk 0:03:05]} 6. Bb5+ {[%clk 0:03:01]} c6 {[%clk 0:03:05]} 7. Be2
{[%clk 0:02:59]} Bd6 {[%clk 0:03:05]} 8. b3 {[%clk 0:02:57]} Qe7 {[%clk 0:03:05]}
9. O-O {[%clk 0:02:56]} O-O {[%clk 0:03:00]} 10. Bb2 {[%clk 0:02:56]} Bf5
{[%clk 0:02:43]} 11. Ne5 {[%clk 0:02:47]} Nfd7 {[%clk 0:02:17]} 12. Nd3
{[%clk 0:02:33]} Nf6 {[%clk 0:01:56]} 13. Ne5 {[%clk 0:02:26]} Nfd7
{[%clk 0:01:57]} 14. Bd3 {[%clk 0:02:09]} Bxd3 {[%clk 0:01:46]} 15. Nxd3
{[%clk 0:02:09]} Na6 {[%clk 0:01:29]} 16. Nd2 {[%clk 0:01:59]} Nb4
{[%clk 0:01:25]} 17. Nxb4 {[%clk 0:01:55]} Bxb4 {[%clk 0:01:26]} 18. Rc1
{[%clk 0:01:54]} Rac8 {[%clk 0:01:20]} 19. Nf3 {[%clk 0:01:53]} Bd6
{[%clk 0:01:09]} 20. Qd3 {[%clk 0:01:44]} f5 {[%clk 0:00:31]} 21. Rc2
{[%clk 0:01:13]} g5 {[%clk 0:00:14]} 22. Rfc1 {[%clk 0:01:11]} g4
{[%clk 0:00:10]} 23. Ne5 {[%clk 0:00:58]} Nxe5 {[%clk 0:00:09]} 24. dxe5
{[%clk 0:00:57]} Bxe5 {[%clk 0:00:10]} 25. Bxe5 {[%clk 0:00:37]} Qxe5
{[%clk 0:00:11]} 26. Rxc6 {[%clk 0:00:37]} Rxc6 {[%clk 0:00:12]} 27. Rxc6
{[%clk 0:00:38]} Qa1+ {[%clk 0:00:12]} 28. Qf1 {[%clk 0:00:39]} Qxa2
{[%clk 0:00:09]} 29. Qd1 {[%clk 0:00:38]} Qa5 {[%clk 0:00:05]} 30. g3
{[%clk 0:00:35]} Qb5 {[%clk 0:00:05]} 31. Rd6 {[%clk 0:00:31]} Rf7
{[%clk 0:00:03]} 32. Rxd5 {[%clk 0:00:31]} Qc6 {[%clk 0:00:04]} 33. Rd6
{[%clk 0:00:29]} Qc5 {[%clk 0:00:04]} 34. Rd8+ {[%clk 0:00:28]} Kg7
{[%clk 0:00:05]} 35. Qa1+ {[%clk 0:00:27]} Kh6 {[%clk 0:00:05]} 36. Rg8
{[%clk 0:00:26]} Qd6 {[%clk 0:00:05]} 37. h3 {[%clk 0:00:15]} gxh3
{[%clk 0:00:04]} 38. Qf1 {[%clk 0:00:16]} 1-0

[Event "Blitz 2018"]
[Site "Saint-Petersburg"]
[Date "2018.12.30"]
[Round "17"]
[Board "53"]
[White "Gasanov Eldar (UKR)"]
[Black "Miton Kamil (POL)"]
[Result "0-1"]
[LiveChessVersion "1.4.8"]
[BlackElo "2520"]
[WhiteElo "2581"]

1. d4 {[%clk 0:03:01]} Nf6 {[%clk 0:03:02]} 2. Bg5 {[%clk 0:03:01]} e6
{[%clk 0:02:59]} 3. e4 {[%clk 0:02:54]} h6 {[%clk 0:03:01]} 4. Bxf6
{[%clk 0:02:53]} Qxf6 {[%clk 0:03:00]} 5. c3 {[%clk 0:02:53]} d6 {[%clk 0:02:58]}
6. Bd3 {[%clk 0:02:51]} g6 {[%clk 0:02:41]} 7. Ne2 {[%clk 0:02:48]} Bg7
{[%clk 0:02:33]} 8. O-O {[%clk 0:02:42]} Nc6 {[%clk 0:02:27]} 9. f4
{[%clk 0:02:35]} Qe7 {[%clk 0:02:21]} 10. e5 {[%clk 0:02:24]} Bd7
{[%clk 0:01:58]} 11. Nd2 {[%clk 0:02:16]} d5 {[%clk 0:01:37]} 12. b4
{[%clk 0:02:05]} Qd8 {[%clk 0:01:22]} 13. Nf3 {[%clk 0:01:23]} Ne7
{[%clk 0:01:14]} 14. Qd2 {[%clk 0:01:21]} h5 {[%clk 0:01:12]} 15. a4
{[%clk 0:01:16]} Nf5 {[%clk 0:01:11]} 16. g3 {[%clk 0:01:11]} b6 {[%clk 0:00:57]}
17. a5 {[%clk 0:01:06]} c5 {[%clk 0:00:55]} 18. axb6 {[%clk 0:00:50]} axb6
{[%clk 0:00:54]} 19. bxc5 {[%clk 0:00:43]} bxc5 {[%clk 0:00:54]} 20. dxc5
{[%clk 0:00:42]} Bf8 {[%clk 0:00:50]} 21. Ned4 {[%clk 0:00:33]} Bxc5
{[%clk 0:00:49]} 22. Bxf5 {[%clk 0:00:31]} gxf5 {[%clk 0:00:49]} 23. Kg2
{[%clk 0:00:28]} Kf8 {[%clk 0:00:38]} 24. h4 {[%clk 0:00:25]} Kg7
{[%clk 0:00:39]} 25. Qe3 {[%clk 0:00:25]} Qe7 {[%clk 0:00:38]} 26. Rfb1
{[%clk 0:00:23]} Rxa1 {[%clk 0:00:36]} 27. Rxa1 {[%clk 0:00:24]} Rb8
{[%clk 0:00:37]} 28. Qe2 {[%clk 0:00:18]} Kg6 {[%clk 0:00:36]} 29. Kh3
{[%clk 0:00:17]} Qd8 {[%clk 0:00:33]} 30. Ra6 {[%clk 0:00:14]} Qc8
{[%clk 0:00:30]} 31. Qa2 {[%clk 0:00:14]} Qb7 {[%clk 0:00:22]} 32. Nxf5
{[%clk 0:00:10]} d4 {[%clk 0:00:19]} 33. N5xd4 {[%clk 0:00:06]} Bxd4
{[%clk 0:00:20]} 34. Nxd4 Qh1+ {[%clk 0:00:19]} 35. Qh2 {[%clk 0:00:08]} Qf1+
{[%clk 0:00:20]} 36. Qg2 {[%clk 0:00:10]} Qxa6 {[%clk 0:00:20]} 37. Qe4+
{[%clk 0:00:08]} Kg7 {[%clk 0:00:20]} 38. Qc2 {[%clk 0:00:08]} Qf1+
{[%clk 0:00:19]} 39. Kh2 {[%clk 0:00:10]} Qb1 0-1